Name a Valid Album Title - Singers/Bands - Statistics

General Stats
  • This quiz has been taken 39 times
  • The average score is 9 of 15
Answer Stats
Artist Album Titles 2000s 2010s 2020s % Correct
Taylor Swift Taylor Swift | Fearless | Speak Now | Red | 1989 | Reputation | Lover | Folklore | Evermore | Midnights | The Tortured Poets Department 2 5 4
94%
Beyoncé Dangerously in Love | B'Day | I Am... Sasha Fierce | 4 | Beyoncé | Lemonade | Renaissance | Cowboy Carter 3 3 2
92%
Adele 19 | 21 | 25 | 30 1 2 1
83%
Lady Gaga The Fame | Born This Way | Artpop | Joanne | Chromatica | Mayhem 1 3 2
75%
Ed Sheeran Plus | Multiply | Divide | No. 6 Collaborations Project | Equals | Subtract | Autumns Variations 0 4 3
72%
Katy Perry Katy Hudson | One of the Boys | Teenage Dream | Prism | Witness | Smile | 143 2 3 2
69%
Ariana Grande Yours Truly | My Everything | Dangerous Woman | Sweetener | Thank U, Next | Positions | Eternal Sunshine 0 5 2
61%
Dua Lipa Dua Lipa | Future Nostalgia | Radical Optimism 0 1 2
58%
The Weeknd Kiss Land | Beauty Behind the Madness | Starboy | After Hours | Dawn FM | Hurry Up Tomorrow 0 3 3
58%
Justin Timberlake Justified | FutureSex/LoveSounds | The 20/20 Experience | The 20/20 Experience - 2 of 2 | Man of the Woods | Everything I Thought I Was 2 3 1
47%
Justin Bieber My World 2.0 | Under the Mistletoe | Believe | Purpose | Changes | Justice | Swag 0 4 3
44%
Drake Thank Me Later | Take Care | Nothing Was the Same | Views | Scorpion | Certified Lover Boy | Honestly, Nevermind | For All the Dogs 0 5 3
44%
Michael Bublé BaBalu | Dream | Michael Bublé | It's Time | Call Me Irresponsible | Crazy Love | Christmas | To Be Loved | Nobody but Me | Love | Higher 6 4 1
36%
Imagine Dragons Night Visions | Smoke + Mirrors | Evolve | Origins | Mercury - Act 1 | Loom 0 4 2
22%
Kelly Clarkson Thankful | Breakaway | My December | All I Ever Wanted | Stronger | Wrapped in Red | Piece by Piece | Meaning of Life | When Christmas Comes Around... | Chemistry 4 4 2
22%
No matching quizzes found
Score Distribution
Percent of People with Each Score
Percentile by Number Answered
Your Score History
You have not taken this quiz